| 000 | 00673nam a2200205 a 4500 | ||
|---|---|---|---|
| 001 | 1780076 | ||
| 003 | AM-YEHGA | ||
| 005 | 20250618080121.0 | ||
| 008 | 210713s2021 ai a|||gr|||||||||0|arm|d | ||
| 020 | _a9789939035659 | ||
| 040 | _aAM-YeHGA | ||
| 041 | 0 | _aarm | |
| 100 | 1 |
_aԱյվազյան, Արգամ _93085 |
|
| 245 | 1 | 0 |
_aԱնմոռաց հանդիպումներ նշանավոր անհատների հետ / _cԱ. Այվազյան. |
| 260 |
_aԵրևան : _bՀեղինակային հրատարակություն, _c2021. |
||
| 300 |
_a163 էջ : _bնկ. ; _c20 սմ. |
||
| 650 | 1 | 0 |
_aՀայ հուշագրություն _95766 |
| 942 |
_2udc _cBK |
||
| 090 | _c566210 | ||
| 999 |
_c528042 _d528042 |
||